Italian Language Kitchen Items - Statistics

General Stats
  • This quiz has been taken 94 times
    47 since last reset
  • The average score is 11 of 19
Answer Stats
Hint Answer % Correct
kitchen cucina
88%
oven forno
88%
microwave microonda
88%
toaster tostapane
88%
sink acquaio/lavello
75%
coffee pot/maker caffettiera
75%
refrigerator frigorifero
75%
counter contatrice
63%
stove fornello
63%
kettle bollitore
50%
dishwasher lavastoviglie
50%
mixer miscelatore
50%
cooktop piano cottura
50%
burner bruciatore
38%
drawer cassetto
38%
faucet rubinetto
38%
freezer congelatore
25%
blender frullatore
25%
kitchen cabinet mobiletto
25%
No matching quizzes found
Score Distribution
Percent of People with Each Score
Percentile by Number Answered
Your Score History
You have not taken this quiz since the last reset